Jedzenie, po którym zostaje najwięcej okruchów - Statystyki

Ogólne statystyki
  • Ten quiz został rozwiązany 16 razy
  • Średni wynik to 3 z 6
Statystyki odpowiedzi
Hint Odpowiedź % Poprawnych
2. Chleb
80%
3. Ciasto
67%
6. Chipsy
53%
4. Bułki
27%
1. Herbatniki
13%
5. Wafelki
13%
Nie znaleziono quizów pasujących do podanych kryteriów
Rozkład punktacji
Procent ludzi z każdym wynikiem
Percentyl według liczby udzielonych odpowiedzi
Twoja historia wyników
Nie rozwiązałeś tego quizu